every UFC champion ever - Statistics

General Stats
  • This quiz has been taken 38 times
  • The average score is 64 of 127
Answer Stats
weightclass years Answer % Correct
heavyweight 2023- jon jones
91%
light heavyweight 2011-2015 jon jones
91%
light heavyweight 2018-2020 jon jones
91%
lightweight 2016-2018 connor mcgregor
78%
featherweight 2015-2016 connor mcgregor
78%
heavyweight 2018-2019 daniel cormier
78%
light heavyweight 2015-2018 daniel cormier
78%
middleweight 2019-2022 israel adesanya
78%
middleweight 2023 israel adesanya
78%
featherweight 2010-2015 jose aldo
78%
featherweight 2016-2017 jose aldo
78%
light heavyweight 2023- alex pereira
75%
middleweight 2022-2023 alex pereira
75%
featherweight 2019-2024 alex volkanovski
75%
bantamweight 2021-2023 aljamain sterling
75%
middleweight 2006-2013 anderson silva
75%
featherweight 2024- illia topuria
75%
lightweight 2018-2020 khabib nurmagomedov
75%
featherweight 2017-2019 max holloway
75%
lightweight 2021-2022 charles oliveira
72%
flyweight 2012-2018 demetrious johnson
72%
heavyweight 2021-2023 francis ngannou
72%
middleweight 2017 george st pierre
72%
welterweight 2006-2007 george st pierre
72%
welterweight 2008-2014 george st pierre
72%
heavyweight 2016-2018 stipe miocic
72%
heavyweight 2019-2021 stipe miocic
72%
welterweight 2024- belal muhammad
69%
welterweight 2019-2022 kamaru usman
69%
bantamweight 2023-2024 sean o'malley
69%
middleweight 2023-2024 sean strickland
69%
flyweight 2023-2024 alexandre pantoja
66%
welterweight 2004 BJ penn
66%
lightweight 2008-2010 BJ penn
66%
flyweight 2021-2022 brandon moreno
66%
heavyweight 2008-2010 brock lesnar
66%
lightweight 2016 eddie alvarez
66%
welterweight 2022-2024 leon edwards
66%
bantamweight 2024- merab dvalishvili
66%
middleweight 2024 dricus du plessis
63%
bantamweight 2019-2020 henry cejudo
63%
flyweight 2018-2019 henry cejudo
63%
light heavyweight 2023 jamal hill
63%
light heavyweight 2022-2023 jiri prochazka
63%
middleweight 2016-2017 micheal bisping
59%
bantamweight 2010-2014 dominick cruz
56%
bantamweight 2016 dominick cruz
56%
light heavyweight 2020-2021 jan blachowicz
56%
welterweight 2001-2004 matt hughes
56%
welterweight 2004-2006 matt hughes
56%
bantamweight 2020-2021 petyr yan
56%
middleweight 2017-2019 robert whittaker
56%
welterweight 2016-2019 tyrone woodley
56%
bantamweight 2016-2017 cody garbrandt
53%
heavyweight 2004-2005 frank mir
53%
heavyweight 2011-2012 junior dos santos
53%
womens bantamweight 2012-2015 rhonda rousey
53%
bantamweight 2014-2016 TJ dillashaw
53%
bantamweight 2017-2019 TJ dillashaw
53%
womens bantamweight 2016-2021 amanda nunes
50%
womens bantamweight 2022-2023 amanda nunes
50%
lightweight 2022- islam makachev
50%
heavyweight 1997 mark coleman
50%
lightweight 2012-2013 benson henderson
47%
middleweight 2013-2015 chris weidman
47%
middleweight 2015-2016 luke rockhold
47%
welterweight 2007-2008 matt serra
47%
light heavyweight 2010-2011 maurico rua
47%
lightweight 2015-2016 rafael dos anjos
47%
heavyweight 2005-2006 andrei arlovski
44%
lightweight 2013-2015 anthony pettis
44%
light heavyweight 2005-2007 chuck lidell
44%
light heavyweight 2021-2022 glover texeira
44%
womens bantamweight 2015-2016 holly holm
44%
light heavyweight 2009-2010 lyota machida
44%
light heavyweight 2007-2008 quinton jackson
44%
heavyweight 1997-1998 randy couture
44%
heavyweight 2000-2002 randy couture
44%
heavyweight 2007-2008 randy couture
44%
light heavyweight 2003-2004 randy couture
44%
light heavyweight 2004-2005 randy couture
44%
light heavyweight 2008-2009 rashad evans
44%
womens flyweight 2018-2023 valentina shevchenko
44%
womens flyweight 2024- valentina shevchenko
44%
womens strawweight 2019-2021 zhang weili
44%
womens strawweight 2022- zhang weili
44%
flyweight 2019-2021 deveison figueiredo
41%
flyweight 2022-2023 deveison figueiredo
41%
heavyweight 2015-2016 fabricio werdum
41%
light heavyweight 1997-2000 frank shamrock
41%
welterweight 2014 johnny hendricks
41%
bantamweight 2014 renan barao
41%
welterweight 2014-2016 robby lawler
41%
light heavyweight 2000-2003 tito ortiz
41%
womens flyweight 2023-2024 alexa grasso
38%
heavyweight 1999-2000 kevin randleman
38%
womens strawweight 2017-2019 rose namajunas
38%
heavyweight 2003-2004 tim sylvia
38%
heavyweight 2006-2007 tim sylvia
38%
heavyweight 1999 bas rutten
34%
lightweight 2001-2002 jens pulver
34%
womens bantamweight 2021-2022 julianna pena
34%
womens bantamweight 2024- julianna pena
34%
heavyweight 1997 maurice smith
34%
lightweight 2006-2008 sean sherk
34%
light heavyweight 2004 vitor belfort
34%
welterweight 2001 carlos newton
31%
light heavyweight 2008 forest griffin
31%
welterweight 1998-2001 pat miletich
31%
womens bantamweight 2023-2024 raquel pennington
31%
middleweight 2005-2006 rich franklin
31%
womens strawweight 2019 jessica andrade
28%
womens strawweight 2014-2015 carla esparza
25%
womens strawweight 2022 carla esparza
25%
womens bantamweight 2016 miesha tate
25%
heavyweight 2002-2003 rico rodriguez
22%
middleweight 2001-2002 dave menne
19%
middleweight 2005 evan tanner
19%
womens flyweight 2017-2018 nicco montano
19%
womens strawweight 2015-2017 Joanna Jędrzejczyk
16%
heavyweight 2002 josh barnett
16%
middleweight 2002-2005 murilo bustamante
16%
heavyweight 2010-2011 cain valesquez
6%
heavyweight 2012-2015 cain valesquez
6%
lightweight 2010-2012 frankie edgat
6%
flyweight 2023 brandon moreino
3%
womens strawweight 2021-2022 rose namajunes
3%
No matching quizzes found
Score Distribution
Percent of People with Each Score
Percentile by Number Answered
Your Score History
You have not taken this quiz